Ciudad del hombre /

Guardado en:
Autor Principal: Olivetti, Adriano.
Formato: Libro
Idioma:Spanish
Italian
Publicado: Buenos Aires : Emecé Editores, 1962.
Materias:
Etiquetas: Agregar Etiqueta
Sin Etiquetas, Sea el primero en etiquetar este registro!
LEADER 00665nam a22002055 4500
001 EAD.ead002249
008 080718s1962####ag############000#0#spa#d
005 20100624145547.0
245 1 0 |a Ciudad del hombre /  |c Adriano Olivetti. 
260 |a Buenos Aires :  |b Emecé Editores,  |c 1962. 
300 |a 237 p. ;  |c 23 cm. 
500 |a Traducción de: Cittá dell'uomo. 
100 1 |a Olivetti, Adriano. 
082 0 4 |a 323.4  |2 21 
650 7 |a Urbanización.  |2 unbist 
650 7 |a Libertad de expresión.  |2 unbist 
650 7 |a Partidos políticos.  |2 unbist 
650 7 |a Industrialización.  |2 unbist 
041 1 |a spa  |h ita 
859 |a AR-BaBDC  |b BIB. ADMINISTRACION - Libros  |h 323.4  |i OL4  |p b00279